000 00688cab a2200217 4500
001 WB2623-46
008 090401t1990 xxu||||| |||| 00| 0 eng d
035 _a(Sirsi) u75192
041 _aeng
245 _aBuilding society losses
260 _c1990
350 _a0
490 _aFinancial Times
_v12/6/90 p25 Financial Adviser no 158 14/6/90 p2(2)
520 _aNationwide Anglia has announced a fall in full year pre-tax profits with a substantial loss in its estate agency business.
650 _aBUILDING SOCIETIES
650 _aPROPERTY MARKET
650 _aRESULTS
690 _aMANAGEMENT-BUSINESS MANAGEMENT-PROFESSIONAL PRACTICE
942 _n0
948 _c04/03/1997
999 _c47371
_d47371